NPB 日本プロ野球 歴代MVP - Statistics

General Stats
  • This quiz has been taken 1,448 times
    424 since last reset
  • The average score is 93 of 166
Answer Stats
年度 選手名 チーム % Correct
2025 佐藤輝明 阪神タイガース
95%
2021 山本由伸 オリックス・バファローズ
94%
2022 山本由伸 オリックス・バファローズ
94%
2023 山本由伸 オリックス・バファローズ
94%
1964 王貞治 読売ジャイアンツ
93%
1965 王貞治 読売ジャイアンツ
93%
1967 王貞治 読売ジャイアンツ
93%
1969 王貞治 読売ジャイアンツ
93%
1970 王貞治 読売ジャイアンツ
93%
1973 王貞治 読売ジャイアンツ
93%
1974 王貞治 読売ジャイアンツ
93%
1975 山本浩二 広島東洋カープ
93%
1976 王貞治 読売ジャイアンツ
93%
1977 王貞治 読売ジャイアンツ
93%
1980 山本浩二 広島東洋カープ
93%
2021 村上宗隆 東京ヤクルトスワローズ
93%
2022 村上宗隆 東京ヤクルトスワローズ
93%
1946 山本一人 グレートリング
92%
1948 山本一人 南海ホークス
92%
1951 山本一人 南海ホークス
92%
1961 長嶋茂雄 読売ジャイアンツ
91%
1963 長嶋茂雄 読売ジャイアンツ
91%
1966 長嶋茂雄 読売ジャイアンツ
91%
1968 長嶋茂雄 読売ジャイアンツ
91%
1971 長嶋茂雄 読売ジャイアンツ
91%
2023 村上頌樹 阪神タイガース
90%
2015 山田哲人 東京ヤクルトスワローズ
89%
2013 田中将大 東北楽天ゴールデンイーグルス
89%
1976 山田久志 阪急ブレーブス
88%
1977 山田久志 阪急ブレーブス
88%
1978 山田久志 阪急ブレーブス
88%
2015 柳田悠岐 福岡ソフトバンクホークス
88%
2018 山川穂高 埼玉西武ライオンズ
88%
2020 柳田悠岐 福岡ソフトバンクホークス
88%
2016 大谷翔平 北海道日本ハムファイターズ
86%
2017 丸佳浩 広島東洋カープ
85%
2018 丸佳浩 広島東洋カープ
85%
2019 坂本勇人 読売ジャイアンツ
84%
2014 菅野智之 読売ジャイアンツ
83%
2020 菅野智之 読売ジャイアンツ
83%
2024 菅野智之 読売ジャイアンツ
83%
2024 近藤健介 福岡ソフトバンクホークス
83%
1982 落合博満 ロッテオリオンズ
81%
1985 落合博満 ロッテオリオンズ
81%
1961 野村克也 南海ホークス
80%
1963 野村克也 南海ホークス
80%
1965 野村克也 南海ホークス
80%
1966 野村克也 南海ホークス
80%
1973 野村克也 南海ホークス
80%
1994 イチロー オリックス・ブルーウェーブ
79%
1995 イチロー オリックス・ブルーウェーブ
79%
1996 イチロー オリックス・ブルーウェーブ
79%
2019 森友哉 埼玉西武ライオンズ
77%
1996 松井秀喜 読売ジャイアンツ
74%
2000 松井秀喜 読売ジャイアンツ
74%
2002 松井秀喜 読売ジャイアンツ
74%
1998 松井稼頭央 西武ライオンズ
74%
1985 R.バース 阪神タイガース
73%
1941 川上哲治 東京巨人軍
72%
1951 川上哲治 読売ジャイアンツ
72%
1955 川上哲治 読売ジャイアンツ
72%
2004 川上憲伸 中日ドラゴンズ
72%
2025 L.モイネロ 福岡ソフトバンクホークス
71%
2016 新井貴浩 広島東洋カープ
69%
2001 T.ローズ 大阪近鉄バファローズ
69%
2013 W.バレンティン 東京ヤクルトスワローズ
69%
2008 岩隈久志 東北楽天ゴールデンイーグルス
68%
1960 秋山登 大洋ホエールズ
67%
2005 金本知憲 阪神タイガース
67%
2011 浅尾拓也 中日ドラゴンズ
66%
2012 阿部慎之助 読売ジャイアンツ
66%
1990 斎藤雅樹 読売ジャイアンツ
65%
1993 古田敦也 ヤクルトスワローズ
64%
1997 古田敦也 ヤクルトスワローズ
64%
2007 ダルビッシュ有 北海道日本ハムファイターズ
64%
2009 ダルビッシュ有 北海道日本ハムファイターズ
64%
2014 金子千尋 オリックス・バファローズ
64%
1998 佐々木主浩 横浜ベイスターズ
63%
2007 小笠原道大 読売ジャイアンツ
63%
2006 小笠原道大 北海道日本ハムファイターズ
63%
2000 松中信彦 福岡ダイエーホークス
62%
2004 松中信彦 福岡ダイエーホークス
62%
2010 和田一浩 中日ドラゴンズ
61%
2010 和田剛 福岡ソフトバンクホークス
61%
2008 A.ラミレス 読売ジャイアンツ
61%
2009 A.ラミレス 読売ジャイアンツ
61%
2006 福留孝介 中日ドラゴンズ
60%
1953 岡本伊三美 南海ホークス
60%
1937春 沢村栄治 東京巨人軍
59%
2002 A.カブレラ 西武ライオンズ
58%
2017 D.サファテ 福岡ソフトバンクホークス
57%
2011 内川聖一 福岡ソフトバンクホークス
56%
1984 衣笠祥雄 広島東洋カープ
54%
2003 井川慶 阪神タイガース
53%
2012 吉川光夫 北海道日本ハムファイターズ
53%
1949 藤村富美男 大阪タイガース
52%
1994 桑田真澄 読売ジャイアンツ
52%
2003 城島健司 福岡ダイエーホークス
51%
1972 福本豊 阪急ブレーブス
49%
1962 張本勲 東映フライヤーズ
48%
2005 杉内俊哉 福岡ソフトバンクホークス
47%
1983 原辰徳 読売ジャイアンツ
43%
1993 工藤公康 西武ライオンズ
43%
1999 工藤公康 福岡ダイエーホークス
43%
1988 門田博光 南海ホークス
41%
1940 須田博 東京巨人軍
40%
1984 ブーマー 阪急ブレーブス
40%
2001 R.ペタジーニ ヤクルトスワローズ
40%
1939 V.スタルヒン 東京巨人軍
40%
1950 小鶴誠 松竹ロビンス
38%
1986 北別府学 広島東洋カープ
37%
1974 金田留広 ロッテオリオンズ
37%
1990 野茂茂雄 近鉄バファローズ
37%
1992 石井丈裕 西武ライオンズ
36%
1957 稲尾和久 西鉄ライオンズ
34%
1958 稲尾和久 西鉄ライオンズ
34%
1989 W.クロマティ 読売ジャイアンツ
33%
1997 西口文也 西武ライオンズ
32%
1989 R.ブライアント 近鉄バファローズ
32%
1962 村山実 阪神タイガース
31%
1979 江夏豊 広島東洋カープ
31%
1981 江夏豊 日本ハムファイターズ
31%
1972 堀内恒夫 読売ジャイアンツ
30%
1943 呉昌征 東京巨人軍
29%
1978 若松勉 ヤクルトスワローズ
29%
1981 江川卓 読売ジャイアンツ
29%
1938秋 中島治康 東京巨人軍
28%
1991 佐々岡真司 広島東洋カープ
26%
1999 野口茂樹 中日ドラゴンズ
26%
1952 別所毅彦 読売ジャイアンツ
25%
1956 別所毅彦 読売ジャイアンツ
25%
1988 郭源治 中日ドラゴンズ
25%
1956 中西太 西鉄ライオンズ
25%
1983 東尾修 西武ライオンズ
25%
1987 東尾修 西武ライオンズ
25%
1991 郭泰源 西武ライオンズ
25%
1954 杉下茂 中日ドラゴンズ
24%
1960 山内和弘 毎日オリオンズ
24%
1986 石毛宏典 西武ライオンズ
24%
1968 米田哲也 阪急ブレーブス
22%
1950 別当薫 毎日オリオンズ
21%
1959 杉浦忠 南海ホークス
21%
1958 藤田元司 読売ジャイアンツ
20%
1959 藤田元司 読売ジャイアンツ
20%
1975 加藤秀司 阪急ブレーブス
19%
1992 J.ハウエル ヤクルトスワローズ
18%
1954 大下弘 西鉄ライオンズ
17%
1980 木田勇 日本ハムファイターズ
17%
1995 T.オマリー ヤクルトスワローズ
17%
1944 若林忠志 阪神軍
16%
1947 若林忠志 大阪タイガース
16%
1969 永池徳二 阪急ブレーブス
15%
1971 永池徳二 阪急ブレーブス
15%
1957 与那嶺要 読売ジャイアンツ
14%
1955 飯田徳治 南海ホークス
14%
1982 中尾孝義 中日ドラゴンズ
12%
1987 山倉和博 読売ジャイアンツ
11%
1967 足立光宏 阪急ブレーブス
11%
1942 水原茂 東京巨人軍
10%
1979 C.マニエル 近鉄バファローズ
10%
1953 大友工 読売ジャイアンツ
9%
1970 木樽正明 ロッテオリオンズ
9%
1937秋 ハリス 後楽園イーグルス
8%
1938春 苅田久徳 東京セネタース
7%
1964 J.スタンカ 南海ホークス
7%
1952 柚木進 南海ホークス
6%
No matching quizzes found
Score Distribution
Percent of People with Each Score
Percentile by Number Answered
Your Score History
You have not taken this quiz since the last reset